T.L.S. 1962 : (Record no. 68696)
[ view plain ]
| 000 -LEADER | |
|---|---|
| fixed length control field | 01348nas a2200349 a 4500 |
| 001 - CONTROL NUMBER | |
| control field | 68696 |
| 003 - CONTROL NUMBER IDENTIFIER | |
| rucl marc code | BD-RjUL |
| 005 - DATE AND TIME OF LATEST TRANSACTION | |
| control field | 20211209081811.0 |
| 008 - FIXED-LENGTH DATA ELEMENTS--GENERAL INFORMATION | |
| fixed length control field | 170405d1963 enkwr pe o 0 a0eng |
| 035 ## - SYSTEM CONTROL NUMBER | |
| System control number | (BD-RjUL)68906 |
| 040 ## - CATALOGING SOURCE | |
| Original cataloging agency | BD-RjUL |
| Language of cataloging | eng |
| Transcribing agency | BD-RjUL |
| 041 ## - LANGUAGE CODE | |
| Language code of text/sound track or separate title | eng |
| 082 ## - DEWEY DECIMAL CLASSIFICATION NUMBER | |
| Edition number | 23 |
| Classification number | 800 |
| Author mark and year | TIT 1963 |
| 245 04 - TITLE STATEMENT | |
| Title | T.L.S. 1962 : |
| Remainder of title | Essays and reviews from the Times Literary Supplement / |
| Statement of responsibility, etc. | Times Literary Supplement. |
| 260 ## - PUBLICATION, DISTRIBUTION, ETC. (IMPRINT) | |
| Place of publication, distribution, etc. | London : |
| Name of publisher, distributor, etc. | Oxford university press, |
| Date of publication, distribution, etc. | 1963 |
| 300 ## - PHYSICAL DESCRIPTION | |
| Pagination | 240 p. ; |
| Size | 22 cm. |
| 580 ## - LINKING ENTRY COMPLEXITY NOTE | |
| Linking entry complexity note | Issues for Jan. 17, 1902-Mar. 12, 1914 distributed with the Times, London. |
| 650 #0 - SUBJECT ADDED ENTRY--TOPICAL TERM | |
| Topical term or geographic name as entry element | Books |
| Form subdivision | Reviews |
| -- | Periodicals. |
| 9 (RLIN) | 203608 |
| Topical term or geographic name as entry element | Meilleurs ouvrages. |
| 9 (RLIN) | 203609 |
| Topical term or geographic name as entry element | RESENAS DE LIBROS |
| General subdivision | PUBLICACIONES PERIODICAS. |
| Source of heading or term | renib |
| 9 (RLIN) | 203610 |
| Topical term or geographic name as entry element | Books. |
| Source of heading or term | fast |
| 9 (RLIN) | 203611 |
| 772 0# - SUPPLEMENT PARENT ENTRY | |
| Title | Times (London, England) |
| International Standard Serial Number | 0140-0460 |
| 776 08 - ADDITIONAL PHYSICAL FORM ENTRY | |
| Relationship information | Microform version: |
| Title | Times literary supplement |
| Record control number | (DLC) 75643538 |
| -- | (OCoLC)5988480 |
| 785 00 - SUCCEEDING ENTRY | |
| Title | TLS, the Times literary supplement |
| International Standard Serial Number | 0307-661X |
| 787 0# - OTHER RELATIONSHIP ENTRY | |
| Title | Times literary supplement index |
| Record control number | (OCoLC)6498965 |
| Relationship information | Some essays and reviews compiled annually in: |
| Title | T.L.S. |
| Related parts | 1962-1968 |
| International Standard Serial Number | 0082-4410 |
| 942 ## - ADDED ENTRY ELEMENTS (KOHA) | |
| Source of classification or shelving scheme | Dewey Decimal Classification |
| Koha item type | Books |
| Lost status | Source of classification or shelving scheme | Damaged status | Not for loan | Collection code | Permanent Location | Current Location | Shelving location | Date acquired | Source of acquisition | Cost, normal purchase price | Total Checkouts | Full call number | Date last seen | Copy number | Koha item type |
|---|---|---|---|---|---|---|---|---|---|---|---|---|---|---|---|
| Dewey Decimal Classification | Not For Loan | Non-fiction | Central Library, University of Rajshahi | Central Library, University of Rajshahi | Reading Room | 03/04/1964 | Zeitlinger | 21.00 | 800 TIT 1963 | 05/04/2017 | C-1 | Books |